| 000 | 01494nam a22002537a 4500 | ||
|---|---|---|---|
| 003 | BJBSDDR | ||
| 005 | 20260515155035.0 | ||
| 007 | ta | ||
| 008 | 260515s2006 nyu||||| |||| 00| 0 eng d | ||
| 020 | _a9780306815386 | ||
| 020 | _a0306815389 | ||
| 040 |
_bspa _cBJBSDDR |
||
| 041 | _aeng | ||
| 050 | _bB542 2006 | ||
| 100 | 1 |
_aBerthon, Simon _916631 |
|
| 245 | 1 | 0 |
_aWarlords : _ban extraordinary re-creation of World War II through the eyes and minds of Hitler, Churchill, Roosevelt, and Stalin / _cSimon Berthon, Joanna Potts |
| 260 |
_aNew York : _bDa Capo, _c2006 |
||
| 300 |
_a358 pages : _billustrations ; _c 22 cm |
||
| 505 | _aMay 13-July 31, 1940 August 1, 1940-March 26, 1941 March 27-June 21, 1941 June 22-August 8, 1941 August 9- December 7, 1941 Decmber 7, 1941-January 16, 1942 January 17-Jun 21, 1942 June 22-August 19, 1942 August 19, 1942-April 9, 1943 April 13-September 7, 1943 September 8-November 28, 1943 November 28, 1943-June 5, 1944 June 6-August 24, 1944 August 24, 1944-February 3, 1945 February 3-April 11, 1945 | ||
| 520 | _aDelivers a blow-by-blow account of each leader's attempts to outmaneuver and outwit the other leaders in personal battles that set the stage for the seismic shift in world power that followed. Provides insight into the minds and actions of these warlords of the twentieth century as they faced history's greatest conflict and each other | ||
| 700 | 1 |
_aPotts, Joanna _916632 |
|
| 942 |
_2lcc _n0 _cBK |
||
| 946 | _icmc | ||
| 999 |
_c127110 _d127110 |
||